zpět

Detail výsledku týmu

Luna Club 07, Teplice

Datum a čas kvízu

21.5 Celkem bodů Celkový počet nahraných bodů na tomto kvízu bez doplňovacích otázek.
10. Pořadí na kvízu Konečné umístění týmu na tomto kvízu.

Zaznamenané odpovědi

# Otázka Odpověď Body Výsledky
1. Příslušníci jisté profese se v... popeláři 0
2. Parašutista Nicolas Scarabrin... oko jehly 0
3. Lístek na premiéru tohoto film... Melania 1
4. Která značka představila minul... Jawa 0
5. Ve kterém evropském státě nabí... ve Španělsku 1
6. Na obrázku níže můžete vidět d... Drákula a Frankenstein 1
7. Co by to bylo za hororové téma... D 0
8. Ze které (převážně videoherní)... Resident Evil 0
9. Přiřaďte herce a herečky k jej... 1D 2A 3B 4C 0
10. Čím je inspirován česko-americ... D 1